000 00281nam a2200133Ia 4500
100 _aSubbiah K.
942 _cBK
654 _aFitting
245 _aFitting tools & practice. I
260 _bM/s L.S. Bedi & Sons.
_c2001
082 _a621.9
300 _a190
546 _aENGLISH
999 _c30329
_d30329